Statistics for US States By Rank

Click here to take the quiz!

General Stats

  • This quiz has been taken 130 times
  • The average score is 16 of 50

Answer Stats

Alphabetical OrderBiggest AreaBiggest PopulationOldestHighest
Average
Temperature
Longest CoastlineBiggest CityBusiest AirportState% Correct
2147495013031Alaska
97%
5313112322California
93%
102184516241Georgia
86%
427322593640Arkansas
79%
12823227183438Alabama
73%
9264271277Florida
66%
4322284644Texas
59%
68223839135Colorado
50%
74829529174129Connecticut
50%
49252030434327Wisconsin
50%
204219720211617Maryland
46%
84945116224750Delaware
43%
36154810610Arizona
41%
3230311371416New York
41%
11474050242920Hawaii
39%
5095044462149Wyoming
36%
13245212333Illinois
34%
41164639384047South Dakota
31%
38326230516Pennsylvania
29%
48413835234948West Virginia
29%
2222926401114Michigan
27%
3950431327203834Rhode Island
27%
23142132472613Minnesota
26%
15233029363539Iowa
24%
193941234894841Maine
24%
371027333381821Oregon
24%
12113943403337Idaho
23%
4720134234121211Washington
23%
2644441454645Montana
21%
33291012137108North Carolina
21%
4636121017152518Virginia
21%
1438161925826Indiana
20%
18332518352824Louisiana
20%
287353628199Nevada
20%
45434914445043Vermont
20%
214514635101515Massachusetts
19%
44123345323719Utah
17%
17372615152028Kentucky
16%
16133434192742Kansas
14%
243131206193944Mississippi
14%
3046113223112New Jersey
14%
34174840494446North Dakota
14%
40402488114235South Carolina
14%
3153647212230New Mexico
11%
353571726925Ohio
11%
36192846111733Oklahoma
10%
42341716141423Tennessee
10%
25181824182322Missouri
7%
27153737303232Nebraska
7%
294442942234536New Hampshire
7%

Score Distribution

Percentile by Number Answered

Percent of People with Each Score

Your Score History

You have not taken this quiz